Countries Containing Two E’s - Statistics

General Stats
  • This quiz has been taken 600 times
  • The average score is 19 of 25
Answer Stats
Hint Answer % Correct
20 United States of America
89%
2 Greece
87%
4 United Arab Emirates
85%
22 Venezuela
85%
24 New Zealand
84%
5 Sweden
84%
10 Central African Republic
82%
11 Democratic Republic of the Congo
81%
12 Equatorial Guinea
81%
7 Yemen
81%
16 Seychelles
80%
13 Eritrea
78%
3 Liechtenstein
78%
14 Senegal
77%
19 Saint Vincent and the Grenadines
76%
8 Netherlands
75%
21 Republic of the Congo
73%
17 Sierra Leone
73%
25 Papua New Guinea
70%
18 Belize
69%
23 Federated States of Micronesia
69%
6 Montenegro
67%
1 Bosnia and Herzegovina
66%
9 Cape Verde
66%
15 Sao Tome and Principe
63%
No matching quizzes found
Score Distribution
Percent of People with Each Score
Percentile by Number Answered
Your Score History
You have not taken this quiz